000
00334 a2200121 4500
001
ART_10396
005
20260410161654.0
008
260409a
245
1
0
_a
La ley de la publicidad
100
1
_a
Ries, Al
700
1
_a
Ries, Laura
773
0
_t
Harvard Deusto Business Review
_g
- NÂș 99 (nov./dic. 2000)
_w
REV521
999
_c
14568
_d
14568